000 00560nam a22001817a 4500
005 20251108164046.0
008 250721s1999 xx 000 0 ara d
082 1 4 _a347.565/قيا
100 1 _aالقيام، خالد رشيد
245 1 0 _aشرح عقد التأمين في القانون المدني الأردني /
264 1 _aمؤته :
_bمكتبة إبن خلدون،
_c1999.
300 _aج1.
650 1 7 _aالقانون المدني
650 1 7 _aالتأمين
650 1 7 _aقانون التأمين
942 _2ddc
_cBK
999 _c2578
_d2578